[Event "EU-ch 23rd"]
[Site "Vrnjacka Banja"]
[Date "2023.03.03"]
[Round "1"]
[White "Irizanin, Radoje"]
[Black "Iskandarov, Misratdin"]
[Result "0-1"]
[WhiteElo "2288"]
[BlackElo "2598"]
[PlyCount "78"]
[EventDate "2023.03.03"]
[EventType "swiss"]
[EventRounds "11"]
[EventCountry "SRB"]
[SourceTitle "CBM 213"]
[Source "ChessBase"]
[SourceDate "2023.04.30"]
[SourceVersion "1"]
[SourceVersionDate "2023.04.30"]
[SourceQuality "1"]

1. c4 e5 2. Nc3 d6 3. g3 Nc6 4. Bg2 g6 5. e4 h5 6. h4 Bg4 7. f3 Be6 8. d3 Bh6 9. Nge2 f5 10. Nd5 Nce7 11. 0-0 c6 12. Nxe7 Qxe7 13. exf5 gxf5 14. f4 Nf6 15. fxe5 dxe5 16. d4 Ng4 17. Bxh6 Rxh6 18. dxe5 Rd8 19. Qc1 Qc5+ 20. Kh1 Qe3 21. Qxe3 Nxe3 22. Rf4 Rd2 23. Bf3 Rxb2 24. Nd4 Ke7 25. Re1 Nc2 26. Re2 Rb1+ 27. Kh2 Nxd4 28. Rxd4 Rb4 29. Rc2 Rh8 30. Kg2 a5 31. Kf2 a4 32. Be2 a3 33. Rc3 Ra8 34. Ke3 Ra5 35. Bxh5 Rb2 36. Rdd3 Rxa2 37. Bf3 Ra1 38. Rb3 Ra7 39. Kd4 b5 0-1

[Event "Arandjelovac ASK-9 GM"]
[Site "Arandjelovac"]
[Date "2022.02.26"]
[Round "8"]
[White "Petrov, Nikita"]
[Black "Irizanin, Radoje"]
[Result "1-0"]
[WhiteElo "2561"]
[BlackElo "2275"]
[PlyCount "85"]
[EventDate "2022.02.21"]
[EventType "tourn"]
[EventRounds "9"]
[EventCountry "SRB"]
[EventCategory "7"]
[SourceTitle "CBM 207 Extra"]
[Source "ChessBase"]
[SourceDate "2022.05.31"]
[SourceVersion "1"]
[SourceVersionDate "2022.05.31"]
[SourceQuality "1"]

1. d4 d5 2. c4 c6 3. Nf3 Nf6 4. Nc3 e6 5. Bg5 Nbd7 6. cxd5 exd5 7. Qc2 Be7 8. e3 0-0 9. Bd3 Re8 10. 0-0 Nf8 11. h3 Nh5 12. Bxe7 Qxe7 13. Ne5 Be6 14. g4 Nf6 15. f4 Rad8 16. Rae1 Bc8 17. Qg2 Qd6 18. Kh1 a6 19. g5 Nh5 20. Be2 g6 21. f5 Rxe5 22. dxe5 Qxe5 23. Bxh5 gxh5 24. Qf3 b5 25. Ne2 h4 26. b4 Re8 27. Nd4 Qd6 28. g6 Qg3 29. gxf7+ Kxf7 30. Nxc6 Qxf3+ 31. Rxf3 d4 32. Nxd4 Bb7 33. Kg1 Bxf3 34. Nxf3 Nd7 35. e4 Kf6 36. Rd1 Rxe4 37. Rxd7 Rxb4 38. Rd5 Ra4 39. Nd2 Rxa2 40. Ne4+ Kf7 41. f6 Re2 42. Rd7+ Kg6 43. Rg7+ 1-0

[Event "SRB-chT 1st League CS"]
[Site "Bajina Basta"]
[Date "2021.10.02"]
[Round "10.2"]
[White "Irizanin, Radoje"]
[Black "Ilincic, Zlatko"]
[Result "0-1"]
[WhiteElo "2323"]
[BlackElo "2381"]
[PlyCount "56"]
[EventDate "2021.09.26"]
[EventType "team-tourn"]
[EventRounds "11"]
[EventCountry "SRB"]
[SourceTitle "EXT 2023"]
[Source "ChessBase"]
[SourceDate "2022.10.05"]
[SourceVersion "1"]
[SourceVersionDate "2022.10.05"]
[SourceQuality "1"]
[WhiteTeam "Cacak Borac"]
[BlackTeam "Gornji Milanovac Metalac"]
[WhiteTeamCountry "SRB"]
[BlackTeamCountry "SRB"]

1. d4 Nf6 2. Nf3 b6 3. Nc3 Bb7 4. Qd3 d5 5. Bg5 Ne4 6. h4 a6 7. Nd2 Nxc3 8. Qxc3 f6 9. Bf4 c5 10. e3 Nc6 11. a3 Rc8 12. Nf3 e6 13. Be2 cxd4 14. Qd2 e5 15. Bg3 dxe3 16. fxe3 Na5 17. 0-0 Bd6 18. Nh2 Nc4 19. Bxc4 Rxc4 20. Rad1 Qc7 21. c3 0-0 22. Qe2 Re4 23. Kh1 d4 24. cxd4 exd4 25. Bxd6 Qxd6 26. Nf3 Rfe8 27. Qd2 Qg3 28. Qe1 Qg4 0-1

[Event "SRB-chT 1st League CS"]
[Site "Bajina Basta"]
[Date "2021.10.01"]
[Round "9.2"]
[White "Djordjevic, Vuk D"]
[Black "Irizanin, Radoje"]
[Result "1/2-1/2"]
[WhiteElo "2350"]
[BlackElo "2323"]
[PlyCount "90"]
[EventDate "2021.09.26"]
[EventType "team-tourn"]
[EventRounds "11"]
[EventCountry "SRB"]
[SourceTitle "EXT 2023"]
[Source "ChessBase"]
[SourceDate "2022.10.05"]
[SourceVersion "1"]
[SourceVersionDate "2022.10.05"]
[SourceQuality "1"]
[WhiteTeam "Paracin OSK"]
[BlackTeam "Cacak Borac"]
[WhiteTeamCountry "SRB"]
[BlackTeamCountry "SRB"]

1. d4 d5 2. Bf4 c5 3. e3 Nc6 4. c3 Bf5 5. Qb3 Qd7 6. Nd2 c4 7. Qd1 Nf6 8. f3 e6 9. g4 Bg6 10. h4 h5 11. g5 Ng8 12. Bg3 Bd6 13. Bxd6 Qxd6 14. f4 Nge7 15. Be2 f6 16. Bf3 Nf5 17. Kf2 e5 18. Ne2 0-0-0 19. Nf1 exf4 20. exf4 Rde8 21. Qd2 Kb8 22. Neg3 fxg5 23. hxg5 Nxg3 24. Kxg3 Ne7 25. Re1 Nf5+ 26. Kf2 Rxe1 27. Kxe1 Re8+ 28. Kf2 h4 29. Rh3 Rf8 30. Kg1 a6 31. Bd1 Qe6 32. Bg4 Qe4 33. Bxf5 Bxf5 34. Rxh4 Qb1 35. Kf2 Bd3 36. Ng3 Ka7 37. a3 Rc8 38. Rh1 Qa2 39. Kf3 Rc6 40. Kg4 Rb6 41. Rh2 Qb1 42. f5 a5 43. Rf2 Qg1 44. Rg2 Qb1 45. Rf2 Qg1 1/2-1/2

[Event "SRB-chT 1st League CS"]
[Site "Bajina Basta"]
[Date "2021.09.27"]
[Round "3.2"]
[White "Irizanin, Radoje"]
[Black "Maksimovic, Bojan"]
[Result "0-1"]
[WhiteElo "2323"]
[BlackElo "2432"]
[PlyCount "66"]
[EventDate "2021.09.26"]
[EventType "team-tourn"]
[EventRounds "11"]
[EventCountry "SRB"]
[SourceTitle "EXT 2023"]
[Source "ChessBase"]
[SourceDate "2022.10.05"]
[SourceVersion "1"]
[SourceVersionDate "2022.10.05"]
[SourceQuality "1"]
[WhiteTeam "Cacak Borac"]
[BlackTeam "Kostolac Rudar"]
[WhiteTeamCountry "SRB"]
[BlackTeamCountry "SRB"]

1. d4 d5 2. c4 e5 3. e3 exd4 4. exd4 Nf6 5. Nf3 Be7 6. Nc3 0-0 7. Bd3 dxc4 8. Bxc4 Bg4 9. Be3 Nbd7 10. h3 Bh5 11. Bb3 Nb6 12. g4 Bg6 13. Ne5 Nfd5 14. Qf3 Nxe3 15. fxe3 Bh4+ 16. Ke2 Nd7 17. Nxg6 hxg6 18. Raf1 Qe7 19. g5 c5 20. Rhg1 cxd4 21. Nd5 Qd6 22. Qf4 Qa6+ 23. Kd2 dxe3+ 24. Kc1 Rae8 25. Qxh4 e2 26. Re1 Ne5 27. Kb1 Qd3+ 28. Ka1 Nf3 29. Qf2 Nxg1 30. Qxg1 b5 31. Qxa7 Re5 32. Qf2 Rxd5 33. Bxd5 Qd1+ 0-1

[Event "Belgrade Serbia op"]
[Site "Belgrade"]
[Date "2021.07.05"]
[Round "5"]
[White "Irizanin, Radoje"]
[Black "Schreiner, Peter"]
[Result "1-0"]
[WhiteElo "2330"]
[BlackElo "2441"]
[PlyCount "125"]
[EventDate "2021.07.02"]
[EventType "swiss"]
[EventRounds "9"]
[EventCountry "SRB"]
[SourceTitle "CBM 203 Extra"]
[Source "ChessBase"]
[SourceDate "2021.09.30"]
[SourceVersion "1"]
[SourceVersionDate "2021.09.30"]
[SourceQuality "1"]

1. b3 Nf6 2. Bb2 g6 3. Nf3 Bg7 4. g3 d5 5. c4 e6 6. Bg2 0-0 7. 0-0 b6 8. d4 Bb7 9. Nbd2 Nbd7 10. Rc1 Ne4 11. Qc2 Rc8 12. Nxe4 dxe4 13. Ne5 f5 14. f4 exf3 15. Bxf3 Nxe5 16. dxe5 Bxf3 17. exf3 Qe7 18. Rcd1 Rfd8 19. Rxd8+ Rxd8 20. Rd1 Kf7 21. Rd3 Ke8 22. Kf1 Qc5 23. Rxd8+ Kxd8 24. Qd2+ Kc8 25. Bd4 Qc6 26. Ke2 Bf8 27. Qe3 a6 28. a4 Kb7 29. h3 h6 30. Qd3 Be7 31. Qe3 Qd7 32. Qd3 h5 33. Be3 Qc6 34. Bf2 a5 35. Qd4 Bc5 36. Qd3 Bxf2 37. Kxf2 Qc5+ 38. Qe3 Kc6 39. Ke2 Qxe3+ 40. Kxe3 Kc5 41. Kf4 Kb4 42. Kg5 Kxb3 43. Kf6 Kxa4 44. Kxe6 Kb3 45. Kf7 a4 46. e6 a3 47. e7 a2 48. e8Q a1Q 49. Qb5+ Kc2 50. Kxg6 Qg1 51. Qxf5+ Kb3 52. Qb5+ Ka3 53. g4 Qg3 54. Qxh5 Qxf3 55. g5 Qe4+ 56. Kh6 Qxc4 57. Qf3+ Kb2 58. Qf6+ Kc2 59. g6 b5 60. g7 Qg8 61. Kg6 Qb3 62. h4 b4 63. Kh7 1-0

[Event "SRB-ch sf"]
[Site "Paracin"]
[Date "2021.03.20"]
[Round "6"]
[White "Irizanin, Radoje"]
[Black "Ratkovic, Milovan"]
[Result "0-1"]
[WhiteElo "2343"]
[BlackElo "2462"]
[PlyCount "72"]
[EventDate "2021.03.16"]
[EventType "swiss"]
[EventRounds "9"]
[EventCountry "SRB"]
[SourceTitle "CBM 201 Extra"]
[Source "ChessBase"]
[SourceDate "2021.05.31"]
[SourceVersion "1"]
[SourceVersionDate "2021.05.31"]
[SourceQuality "1"]

1. d4 d5 2. Bf4 c5 3. e3 cxd4 4. exd4 Nc6 5. c3 Bf5 6. Nf3 a6 7. Nbd2 e6 8. Be2 Nf6 9. Nh4 Be4 10. Nxe4 Nxe4 11. Nf3 Bd6 12. Bxd6 Qxd6 13. 0-0 0-0 14. Bd3 f5 15. Qe2 Rae8 16. Rae1 Kh8 17. Ne5 Nxe5 18. dxe5 Qc7 19. Kh1 Nc5 20. Bb1 b5 21. f3 Rb8 22. g4 fxg4 23. fxg4 Nd7 24. g5 g6 25. Qg4 Rxf1+ 26. Rxf1 Qxe5 27. Qb4 Kg8 28. Bd3 Rf8 29. Rxf8+ Nxf8 30. Qg4 Qe1+ 31. Kg2 Qd2+ 32. Qe2 Qxg5+ 33. Kh1 e5 34. a4 bxa4 35. Bxa6 Ne6 36. Bb7 Qc1+ 0-1

[Event "SRB-ch sf"]
[Site "Paracin"]
[Date "2021.03.18"]
[Round "4"]
[White "Pajcin, Lav"]
[Black "Irizanin, Radoje"]
[Result "0-1"]
[WhiteElo "2167"]
[BlackElo "2343"]
[PlyCount "62"]
[EventDate "2021.03.16"]
[EventType "swiss"]
[EventRounds "9"]
[EventCountry "SRB"]
[SourceTitle "CBM 201 Extra"]
[Source "ChessBase"]
[SourceDate "2021.05.31"]
[SourceVersion "1"]
[SourceVersionDate "2021.05.31"]
[SourceQuality "1"]

1. e4 c6 2. d4 d5 3. e5 Bf5 4. c4 e6 5. Nc3 Nd7 6. cxd5 cxd5 7. Nge2 Ne7 8. Ng3 Bg6 9. h4 h6 10. h5 Bh7 11. Bd3 Bxd3 12. Qxd3 Nc6 13. 0-0 Be7 14. Be3 0-0 15. Nce2 Rc8 16. a3 Nb6 17. b3 a5 18. Nc3 a4 19. b4 Nc4 20. Nxa4 Ra8 21. Qb3 Bg5 22. Rfd1 Nxe3 23. fxe3 Rxa4 24. Qxa4 Bxe3+ 25. Kf1 Qg5 26. Nh1 f6 27. Ke2 fxe5 28. Kd3 Nxd4 29. Rf1 e4+ 30. Kc3 Rc8+ 31. Kb2 Qxg2+ 0-1

[Event "SRB-chT 1st League"]
[Site "Bajina Basta"]
[Date "2020.10.15"]
[Round "9.4"]
[White "Pikula, Dejan"]
[Black "Irizanin, Radoje"]
[Result "1/2-1/2"]
[WhiteElo "2421"]
[BlackElo "2331"]
[PlyCount "20"]
[EventDate "2020.10.10"]
[EventType "team-tourn"]
[EventRounds "11"]
[EventCountry "SRB"]
[SourceTitle "CBM 198 Extra"]
[Source "ChessBase"]
[SourceDate "2020.11.30"]
[SourceVersion "1"]
[SourceVersionDate "2020.11.30"]
[SourceQuality "1"]
[WhiteTeam "Arandjelovac"]
[BlackTeam "Cacak Borac"]
[WhiteTeamCountry "SRB"]
[BlackTeamCountry "SRB"]

1. e4 c6 2. d4 d5 3. Nc3 dxe4 4. Nxe4 Nf6 5. Nxf6+ exf6 6. c3 Bd6 7. Bd3 0-0 8. Qc2 Re8+ 9. Ne2 h5 10. Be3 Nd7 1/2-1/2

[Event "SRB-chT 1st League"]
[Site "Bajina Basta"]
[Date "2020.10.12"]
[Round "4.1"]
[White "Irizanin, Radoje"]
[Black "Perunovic, Miodrag"]
[Result "1-0"]
[WhiteElo "2331"]
[BlackElo "2440"]
[PlyCount "80"]
[EventDate "2020.10.10"]
[EventType "team-tourn"]
[EventRounds "11"]
[EventCountry "SRB"]
[SourceTitle "CBM 198 Extra"]
[Source "ChessBase"]
[SourceDate "2020.11.30"]
[SourceVersion "1"]
[SourceVersionDate "2020.11.30"]
[SourceQuality "1"]
[WhiteTeam "Cacak Borac"]
[BlackTeam "Pozega"]
[WhiteTeamCountry "SRB"]
[BlackTeamCountry "SRB"]

1. d4 Nf6 2. Nf3 g6 3. Bf4 Bg7 4. e3 d6 5. Be2 0-0 6. 0-0 Nfd7 7. h3 e5 8. Bh2 Nc6 9. c4 f5 10. Nc3 Kh8 11. Rb1 g5 12. d5 Ncb8 13. b4 h6 14. Qc2 Nf6 15. Rfd1 Rf7 16. c5 Ne8 17. Nd2 Nf6 18. Nc4 g4 19. hxg4 Nxg4 20. Bxg4 fxg4 21. cxd6 cxd6 22. Nb5 g3 23. Bxg3 Bg4 24. Nbxd6 Rc7 25. Qg6 Bxd1 26. Rxd1 Qf6 27. Qxf6 Bxf6 28. Nxe5 Na6 29. Ne4 Bd8 30. Ng6+ Kg7 31. Bxc7 Bxc7 32. Nf4 Bxf4 33. exf4 Nxb4 34. d6 Kf7 35. Nc5 b6 36. d7 Nc6 37. Nb7 Nd8 38. Rc1 Rb8 39. Nd6+ Ke6 40. Rc8 Nc6 1-0

[Event "SRB-chT 1st League"]
[Site "Bajina Basta"]
[Date "2020.10.11"]
[Round "2.2"]
[White "Dizdarevic, Emir"]
[Black "Irizanin, Radoje"]
[Result "1-0"]
[WhiteElo "2444"]
[BlackElo "2331"]
[PlyCount "49"]
[EventDate "2020.10.10"]
[EventType "team-tourn"]
[EventRounds "11"]
[EventCountry "SRB"]
[SourceTitle "CBM 198 Extra"]
[Source "ChessBase"]
[SourceDate "2020.11.30"]
[SourceVersion "1"]
[SourceVersionDate "2020.11.30"]
[SourceQuality "1"]
[WhiteTeam "Kraljevo Sloga"]
[BlackTeam "Cacak Borac"]
[WhiteTeamCountry "SRB"]
[BlackTeamCountry "SRB"]

1. Nf3 b6 2. g3 Bb7 3. Bg2 e5 4. c4 e4 5. Nh4 g5 6. Nf5 Ne7 7. Ne3 Bg7 8. d3 f5 9. dxe4 fxe4 10. Nd2 0-0 11. Nxe4 Bxe4 12. Bxe4 Nbc6 13. h4 g4 14. Nxg4 Kh8 15. h5 Nf5 16. h6 Bd4 17. e3 Qe7 18. Bd5 Ne5 19. Bxa8 c6 20. Nxe5 Bxe5 21. Qd3 Nxg3 22. fxg3 Bxg3+ 23. Kd1 Rf2 24. Bd2 Qe6 25. Qd4+ 1-0

[Event "Belgrade Vucicevic Memorial"]
[Site "Belgrade"]
[Date "2019.12.22"]
[Round "4"]
[White "Irizanin, Radoje"]
[Black "Lajthajm, Borko"]
[Result "1-0"]
[WhiteElo "2331"]
[BlackElo "2403"]
[PlyCount "81"]
[EventDate "2019.12.22"]
[EventType "swiss (blitz)"]
[EventRounds "13"]
[EventCountry "SRB"]
[SourceTitle "CBM 194 Extra"]
[Source "ChessBase"]
[SourceDate "2020.03.31"]
[SourceVersion "1"]
[SourceVersionDate "2020.03.31"]
[SourceQuality "1"]

1. d4 Nf6 2. Nf3 e6 3. Bf4 b6 4. e3 Bb7 5. Nbd2 h6 6. h3 d6 7. Bh2 Nbd7 8. Bd3 g5 9. Qe2 a5 10. e4 g4 11. hxg4 Nxg4 12. Bg3 Be7 13. 0-0-0 a4 14. a3 h5 15. Kb1 Ra5 16. Nc4 Ra7 17. Ne3 Nxe3 18. Qxe3 Ra5 19. Bh4 Rg8 20. g3 Bxh4 21. Rxh4 Qf6 22. Rdh1 e5 23. d5 Nc5 24. Rxh5 Ra8 25. Nh4 Bc8 26. Bb5+ Ke7 27. Bc6 Rb8 28. Nf5+ Bxf5 29. Rxf5 Qg7 30. f4 Rh8 31. Rf1 Rbf8 32. fxe5 dxe5 33. Qf3 Rh7 34. g4 Rh6 35. g5 Rg6 36. Qg3 Kd6 37. Rf6+ Rxf6 38. Rxf6+ Ke7 39. Qxe5+ Kd8 40. Rd6+ Kc8 41. Qxg7 1-0

[Event "Belgrade Vucicevic Memorial"]
[Site "Belgrade"]
[Date "2019.12.22"]
[Round "7"]
[White "Todorovic, Goran M"]
[Black "Irizanin, Radoje"]
[Result "1-0"]
[WhiteElo "2409"]
[BlackElo "2331"]
[PlyCount "65"]
[EventDate "2019.12.22"]
[EventType "swiss (blitz)"]
[EventRounds "13"]
[EventCountry "SRB"]
[SourceTitle "CBM 194 Extra"]
[Source "ChessBase"]
[SourceDate "2020.03.31"]
[SourceVersion "1"]
[SourceVersionDate "2020.03.31"]
[SourceQuality "1"]

1. e4 c6 2. Nc3 d5 3. Nf3 dxe4 4. Nxe4 Nf6 5. Qe2 Nxe4 6. Qxe4 Qd5 7. Qf4 Qf5 8. Qe3 Qe6 9. b3 Qxe3+ 10. fxe3 c5 11. Bb2 Nc6 12. Bc4 Bf5 13. e4 Bd7 14. 0-0 h6 15. a3 e6 16. b4 f6 17. bxc5 Bxc5+ 18. d4 Bb6 19. c3 Rc8 20. Ba2 Na5 21. Kh1 Ba4 22. Bxe6 Bd7 23. Ba2 Ba4 24. e5 Nc4 25. Bxc4 Rxc4 26. exf6 gxf6 27. Rae1+ Kd7 28. Nd2 Rc6 29. d5 Rd6 30. Ne4 Rxd5 31. Nxf6+ Kc6 32. Nxd5 Kxd5 33. c4+ 1-0

[Event "SRB-chT 2nd League West"]
[Site "Kragujevac"]
[Date "2019.09.08"]
[Round "5.2"]
[White "Irizanin, Radoje"]
[Black "Bojovic, Dusan"]
[Result "1/2-1/2"]
[WhiteElo "2293"]
[BlackElo "2236"]
[PlyCount "40"]
[EventDate "2019.09.06"]
[EventType "team-tourn"]
[EventRounds "11"]
[EventCountry "SRB"]
[SourceTitle "EXT 2020"]
[Source "ChessBase"]
[SourceDate "2019.10.17"]
[SourceVersion "1"]
[SourceVersionDate "2019.10.17"]
[SourceQuality "1"]
[WhiteTeam "Cacak Borac"]
[BlackTeam "Aleksandrovac"]
[WhiteTeamCountry "SRB"]
[BlackTeamCountry "SRB"]

1. d4 Nf6 2. Nf3 g6 3. Bg5 Bg7 4. Nbd2 d6 5. e4 0-0 6. c3 c5 7. dxc5 dxc5 8. Be2 Nc6 9. 0-0 b6 10. h3 Qc7 11. Re1 Bb7 12. Bf1 h6 13. Be3 e5 14. Qc2 Rfd8 15. Nh2 Rd7 16. Ng4 Nxg4 17. hxg4 Rad8 18. Nc4 b5 19. Na3 b4 20. Nc4 Na5 1/2-1/2

[Event "SRB-ch sf"]
[Site "Kragujevac"]
[Date "2019.03.08"]
[Round "1"]
[White "Kandjolas, Konstantin"]
[Black "Irizanin, Radoje"]
[Result "0-1"]
[WhiteElo "1841"]
[BlackElo "2307"]
[PlyCount "46"]
[EventDate "2019.03.08"]
[EventType "swiss"]
[EventRounds "9"]
[EventCountry "SRB"]
[SourceTitle "CBM 189 Extra"]
[Source "ChessBase"]
[SourceDate "2019.06.03"]
[SourceVersion "1"]
[SourceVersionDate "2019.06.03"]
[SourceQuality "1"]

1. d4 d5 2. c4 e6 3. Nc3 c6 4. cxd5 exd5 5. Bf4 Qb6 6. Qd2 Nf6 7. e3 Bf5 8. Nf3 Ne4 9. Qc1 Nd7 10. Be2 Be7 11. 0-0 g5 12. Nxe4 dxe4 13. Nxg5 Rg8 14. Nxf7 Kxf7 15. Qc4+ Kg7 16. f3 Kh8 17. Qf7 Bf6 18. fxe4 Raf8 19. Qh5 Bxe4 20. Rf2 Bxd4 21. exd4 Qxd4 22. Bg3 Rxf2 23. Bxf2 Rxg2+ 0-1

[Event "Belgrade ChessAmateur op 5th"]
[Site "Belgrade"]
[Date "2019.01.07"]
[Round "6"]
[White "Irizanin, Radoje"]
[Black "Sredojevic, Ivan"]
[Result "1/2-1/2"]
[WhiteElo "2309"]
[BlackElo "2257"]
[PlyCount "69"]
[EventDate "2019.01.04"]
[EventType "swiss"]
[EventRounds "9"]
[EventCountry "SRB"]
[SourceTitle "CBM 188 Extra"]
[Source "ChessBase"]
[SourceDate "2019.02.26"]
[SourceVersion "1"]
[SourceVersionDate "2019.02.26"]
[SourceQuality "1"]

1. d4 Nf6 2. Nf3 g6 3. Bf4 Bg7 4. e3 0-0 5. Be2 d6 6. 0-0 Nbd7 7. c4 Qe8 8. Nc3 e5 9. Bg5 h6 10. Bh4 g5 11. Bg3 Nh5 12. d5 f5 13. Nd2 Nxg3 14. hxg3 a5 15. Rc1 Nc5 16. e4 Bd7 17. Bh5 Qe7 18. Qe2 Qf6 19. exf5 Qxf5 20. f3 Qd3 21. Qxd3 Nxd3 22. Rb1 a4 23. Bg6 e4 24. Ndxe4 Ne5 25. Bh5 Nxc4 26. b3 axb3 27. axb3 Nd2 28. Nxd2 Bxc3 29. Ne4 Bd4+ 30. Kh2 Ra5 31. Rbc1 Bb6 32. Rfd1 Rb5 33. Rd3 Kg7 34. g4 Rb4 35. Rdc3 1/2-1/2

[Event "SRB-chT Central"]
[Site "Kragujevac"]
[Date "2018.09.15"]
[Round "3.1"]
[White "Irizanin, Radoje"]
[Black "Mladenovic, Stefan"]
[Result "1-0"]
[WhiteElo "2296"]
[BlackElo "2355"]
[PlyCount "123"]
[EventDate "2018.09.14"]
[EventType "team-tourn"]
[EventRounds "11"]
[EventCountry "SRB"]
[SourceTitle "CBM 186 Extra"]
[Source "ChessBase"]
[SourceDate "2018.08.24"]
[SourceVersion "1"]
[SourceVersionDate "2018.08.24"]
[SourceQuality "1"]
[WhiteTeam "Cacak Borac"]
[BlackTeam "Paracin"]
[WhiteTeamCountry "SRB"]
[BlackTeamCountry "SRB"]

1. d4 Nf6 2. Nf3 e6 3. c3 b6 4. Bf4 Bb7 5. e3 c5 6. Bd3 Be7 7. h3 0-0 8. 0-0 d6 9. Nbd2 cxd4 10. cxd4 Nc6 11. a3 e5 12. Bh2 Nxd4 13. exd4 e4 14. Nxe4 Nxe4 15. Re1 Ng5 16. Nxg5 Bxg5 17. Qg4 Bf6 18. Re2 Qc8 19. Bxd6 Qxg4 20. hxg4 Rfd8 21. Be7 Rxd4 22. Bxf6 Rxd3 23. Bc3 Rd7 24. g5 h6 25. gxh6 gxh6 26. f3 Kh7 27. Kf2 Kg6 28. Rae1 Bd5 29. Re7 Rxe7 30. Rxe7 b5 31. Ke3 a5 32. Rd7 Bc4 33. Kf4 a4 34. Rd6+ Kh7 35. g4 Re8 36. Rb6 Rd8 37. Kg3 Rg8 38. Kf4 Re8 39. Be5 Rg8 40. Rd6 Re8 41. Kf5 Be6+ 42. Kf4 Bc4 43. Bd4 Rg8 44. Rd7 Re8 45. Kg3 Rg8 46. Kh4 Re8 47. f4 Re4 48. f5 Be2 49. Rxf7+ Kg8 50. Rg7+ Kf8 51. Bc3 b4 52. axb4 Rc4 53. f6 Re4 54. Kh5 Rf4 55. b5 Rf5+ 56. Kxh6 Rxb5 57. g5 Bf3 58. Rc7 Bg4 59. Bd4 Be6 60. Bc5+ Kg8 61. g6 Kh8 62. f7 1-0